000 00220nam a2200097Ia 4500
008 190216s9999||||xx |||||||||||||| ||und||
100 _aKovoor.E.M
245 0 _aPublic Realations
260 _bKerala Basha Inst
942 _cBK
999 _c9570
_d9570